01304nam a2200217Ia 450000500170000000800410001702000150005805000210007308200200009410000410011424501360015526000840029130000360037550000360041150400330044750504270048065000450090765000520095270000330100470000490103720231102151304.0120720s1986 mx ac r 000 0 spa d a9682606578 aPQ7111bL69 1993 a860.972bL925li1 aLozano Fuentes, José Manueleautor10aLiteratura mexicana e hispanoamericanac / José Manuel Lozano Fuentes, Elena Madero Herrera, María Angelina Servín de la Mora3 aMéxicob : Compañia Editorial Continentalb : Grupo Patria Culturalc, 1986 a502 páginasb : ilustraciones aReimpresiones: 1993, 1999, 2001 aBibliografía (pp. 497-502) aLiteraturas prehispánica Literatura de la conquista y la colonización El barroquismo en Hispanoamérica El siglo xviii y la prolongación del neoclasicismo en Hispanoamérica Clásicos y románticos del siglo xix Del posromanticismo a la primera generación modernista Plenitud del modernismo El postmodernismo en Hispanoamérica El vanguardismo (1925-1940) Poesía, novela, cuento, teatro y ensayo actuales14aLITERATURA MEXICANA xHISTORIA Y CRITICA24aLITERATURA HISPANOAMERICANAxHISTORIA Y CRITICA1 aMadero Herrera, Elenaeautor1 aServín de la Mora, María Angelinaeautor